| 000 | 00946cad a22002175a 4500 | ||
|---|---|---|---|
| 001 | L154931 | ||
| 008 | 120202s2012 xxk f 000 0 eng d | ||
| 035 | _a(Sirsi) u154931 | ||
| 041 | 0 | _aeng | |
| 110 | 2 |
_aChartered Institute of Marketing Construction Industry Group _95964 |
|
| 245 | 0 | 0 |
_aBIM is unstoppable says Paul Morrell _h[electronic resource] |
| 260 |
_a[S.l.] _bCIMCIG _c2012 |
||
| 520 | _aThe CIMCIG Chairman's debate covered Building Information Modelling (BIM) where the government's chief construction adviser explained his vision for a collaborative building industry with the assembled marketing professionals. | ||
| 590 | _aKA NTK | ||
| 650 | 2 | 4 | _aBUILDING INFORMATION MODELLING |
| 650 | 2 | 4 |
_aBIM _96219 |
| 651 | 4 |
_aUnited Kingdom _y |
|
| 690 |
_aBIM _96219 |
||
| 856 | 4 | 0 |
_uhttps://www.cimcig-blog.org/2012/01/bim-is-unstoppable-says-paul-morrell/#more-609 _zView the news item free of charge at www.cimcig.org |
| 942 | _n0 | ||
| 999 |
_c113244 _d113244 |
||